Environmental Science/ (Record no. 186247)

MARC details
000 -LEADER
fixed length control field 00677nam a22002057a 4500
005 - DATE AND TIME OF LATEST TRANSACTION
control field 20220607125206.0
010 ## - LCCN (DPL NO)
LC control number ENG-131672
020 ## - INTERNATIONAL STANDARD BOOK NUMBER
International Standard Book Number 978-81-945268-3-4
Terms of availability 449.00
035 ## - SYSTEM CONTROL NUMBER
System control number EN-115204
037 ## - SOURCE OF ACQUISITION
Source of stock number/acquisition DBAD
082 ## - DEWEY DECIMAL CLASSIFICATION NUMBER
Classification number 363.7
100 ## - MAIN ENTRY--PERSONAL NAME
Personal name Prasad, A. Aditya
245 ## - TITLE STATEMENT
Title Environmental Science/
Statement of responsibility, etc A. Aditya Prasad, S. Hemambika and A.Rambabu
260 ## - PUBLICATION, DISTRIBUTION, ETC. (IMPRINT)
Place of publication, distribution, etc Hyderabad
Name of publisher, distributor, etc Spectrum Educational Books
Date of publication, distribution, etc 2020
270 ## - ADDRESS
Address # 326/C, Level-2, Surneni Nilayam Near B K Guda Park, S R Nagar
City Hyderabad
Postal code 500038
Telephone number 4023710657, 238000657
300 ## - PHYSICAL DESCRIPTION
Extent xiv, 360p.
Dimensions 24cm(pbk)
700 ## - ADDED ENTRY--PERSONAL NAME
Personal name S. Hemambika
700 ## - ADDED ENTRY--PERSONAL NAME
Personal name A. Rambabu
942 ## - ADDED ENTRY ELEMENTS (KOHA)
Source of classification or shelving scheme Dewey Decimal Classification
Item type English Books
Classification part 363.7
Call number suffix PRA
Holdings
Withdrawn status Lost status Not for loan Collection code Home library Current library Date acquired Source of acquisition Cost, normal purchase price Full call number Barcode Copy number Cost, replacement price Koha item type
      Non-fiction Patel Nagar Patel Nagar 18/02/2022 DBAD/PUB 449.00 363.7 PRA EN-115204 1 449.00 English Books

© Delhi Public Library
Hit Counter
free hit counter